Educational development and technology / (Record no. 31782)

MARC details
000 -LEADER
fixed length control field 01068nam a22002537a 4500
005 - DATE AND TIME OF LATEST TRANSACTION
control field 2009111306196.0
008 - FIXED-LENGTH DATA ELEMENTS--GENERAL INFORMATION
fixed length control field 091113t xxu||||| |||| 00| 0 eng d
010 ## - LCCN (DPL NO)
LC control number ENG-95443
020 ## - INTERNATIONAL STANDARD BOOK NUMBER
International Standard Book Number 9788189005610
Terms of availability 175.00
035 ## - SYSTEM CONTROL NUMBER
System control number EN-78976
037 ## - SOURCE OF ACQUISITION
Source of stock number/acquisition DBAD/PUB
040 ## - CATALOGING SOURCE
Original cataloging agency DPL
Language of cataloging eng
082 ## - DEWEY DECIMAL CLASSIFICATION NUMBER
Classification number 370.954
100 ## - MAIN ENTRY--PERSONAL NAME
Personal name Thakur, K. R.
245 ## - TITLE STATEMENT
Title Educational development and technology /
Statement of responsibility, etc by K. R. Thakur
260 ## - PUBLICATION, DISTRIBUTION, ETC. (IMPRINT)
Place of publication, distribution, etc New Delhi
Name of publisher, distributor, etc Saurabh Publishing House
Date of publication, distribution, etc 2010
270 ## - ADDRESS
Address 4263/3, Ansari road, Darya Ganj
City New Delhi
Postal code 110002
300 ## - PHYSICAL DESCRIPTION
Extent 258p.
Dimensions 22 cm.(pbk)
500 ## - GENERAL NOTE
General note Includes index
856 ## - ELECTRONIC LOCATION AND ACCESS
Uniform Resource Identifier <a href="http://www.loc.gov/catdir/toc/ecip0721/2007025342.html">http://www.loc.gov/catdir/toc/ecip0721/2007025342.html</a>
942 ## - ADDED ENTRY ELEMENTS (KOHA)
Source of classification or shelving scheme Dewey Decimal Classification
Item type English Books
Call number suffix THA
Classification part 370.954
Holdings
Withdrawn status Lost status Source of classification or shelving scheme Damaged status Not for loan Collection code Home library Current library Date acquired Source of acquisition Cost, normal purchase price Total Checkouts Full call number Barcode Date last seen Copy number Cost, replacement price Koha item type
    Dewey Decimal Classification   Not For Loan Non-fiction D.B.Act.Division D.B.Act.Division 14/11/2009 DBAD / PUB 175.00   370.954 THA EN-78976 14/11/2009 1 175.00 English Books

© Delhi Public Library
Hit Counter
free hit counter